The Secret of Leadership (Record no. 244513)

MARC details
000 -LEADER
fixed length control field 00340pam a2200145 a 4500
020 ## - INTERNATIONAL STANDARD BOOK NUMBER
International Standard Book Number 978-0-143-41983-9
Terms of availability
041 ## - LANGUAGE CODE
Language code of original
082 ## - DEWEY DECIMAL CLASSIFICATION NUMBER
Classification number 658.4092
100 ## - MAIN ENTRY--PERSONAL NAME
Personal name Iyer P.
Relator term Author
245 ## - TITLE STATEMENT
Title The Secret of Leadership
Statement of responsibility, etc. Iyer P.
Medium Textual Documents
250 ## - EDITION STATEMENT
Edition statement 1st ED
260 ## - PUBLICATION, DISTRIBUTION, ETC.
Name of publisher, distributor, etc. Penguin Book Ltd.
Date of publication, distribution, etc. 2013
300 ## - PHYSICAL DESCRIPTION
Extent 255
930 ## - EQUIVALENCE OR CROSS-REFERENCE-UNIFORM TITLE HEADING [LOCAL, CANADA]
Uniform title 343
Holdings
Withdrawn status Lost status Damaged status Not for loan Collection Home library Current library Date acquired Source of acquisition Cost, normal purchase price Total Checkouts Full call number Barcode Date last seen Copy number Price effective from Koha item type
          College of Engineering, Lavale, Pune College of Engineering, Lavale, Pune 01/01/1900 BMSGB Pune 299.00   658.4092 ECL-08689 03/04/2023 1 03/04/2023 Book